000 00868nam a2200193Ii 4500
003 JO-AjNU
008 230605s9999||||xx |||||||||||||| ||und||
040 _aJO-AjNU
_bara
_erda
_cJO-AjNU
041 _aara
050 1 4 _aGF25.I74.S376 1999
100 3 _a السرياني، محمد محمود,
_eauthor
_956927
245 0 0 _aالجغرلفيا الحضارية للعالم الاسلامي: الموسوعة الجغرافية للعالم الاسلامي : الملامح الجغرافية العالم الاسلامي، م15
264 3 1 _aالسعودية: جامعة الامام محمد بن سعود الاسلامية، 1999
300 _aمج15، 175ص
336 _atext
_btxt
_2rdacontent
337 _aunmediated
_bn
_2rdamedia
338 _avolume
_bnc
_2rdacarrier
650 4 _aالبلاد الاسلامية - جغرافيا - حضارة
_956928
999 _aA25480
_c29048
_d29048